Headache - Motionless in White - Statistics

General Stats
  • This quiz has been taken 7 times
  • The average score is 249 of 358
Answer Stats
𖡎 % Correct
a
100%
feel
100%
I
100%
me
100%
the
100%
You
100%
and
86%
And
86%
be
86%
days
86%
in
86%
my
86%
Some
86%
some
86%
to
86%
am
71%
eyes
71%
I'm
71%
is
71%
like
71%
motherfucker's
71%
not
71%
pain
71%
pain,
71%
Shut
71%
shut
71%
slit
71%
throat
71%
up,
71%
up
71%
alone
57%
best
57%
brain
57%
doubt
57%
down,
57%
ever
57%
every
57%
Feeding
57%
flies
57%
Follow
57%
follow
57%
for
57%
inside
57%
just
57%
know
57%
live
57%
mind
57%
mouth
57%
narcissistic,
57%
needles
57%
pins
57%
skin,
57%
sleep
57%
static
57%
that
57%
through
57%
try
57%
under
57%
want
57%
way
57%
with
57%
worst
57%
you'll
57%
alive?
43%
Bright
43%
circles
43%
dead
43%
deal
43%
devil
43%
fear
43%
fine
43%
fine?
43%
fucking
43%
god,
43%
gonna
43%
hate
43%
lights,
43%
losing
43%
made
43%
of
43%
Oh
43%
or
43%
portrait
43%
say
43%
selling
43%
shame
43%
smile
43%
Someone
43%
Swallow
43%
swallow
43%
thing
43%
addictive,
29%
Decay
29%
drain
29%
everyone
29%
sadistic,
29%
Sanity
29%
sorrow
29%
swear
29%
No matching quizzes found
Score Distribution
Percent of People with Each Score
Percentile by Number Answered
Your Score History
You have not taken this quiz